| 000 | 00549pab a2200217 454500 | ||
|---|---|---|---|
| 008 | 180718b2017 xxu||||| |||| 00| 0 eng d | ||
| 100 | _aFeldstein, Martin | ||
| 245 |
_aUnderestimating the real growth of GDP, personal income, and productivity _b |
||
| 260 | _c2017 | ||
| 300 | _ap.145-164. | ||
| 362 | _aSpring | ||
| 520 | _a | ||
| 650 | _aProductivity | ||
| 650 | _aIncome | ||
| 650 | _aEconomic growth | ||
| 690 | _a | ||
| 773 | _aJournal of Economic Perspectives | ||
| 906 | _a | ||
| 908 | _a | ||
| 909 | _a114767 | ||
| 999 |
_c114761 _d114761 |
||